Statistics for Words with Missing First Letter #2

Click here to take the quiz!

General Stats

  • This quiz has been taken 72,894 times
  • The average score is 17 of 24

Answer Stats

First LetterHint% Correct
LOAF
98%
ACUTE
93%
TISSUE
90%
SCAR
87%
SLAUGHTER
84%
SPEAR
82%
SHOVEL
80%
BLESS
77%
EQUIP
77%
SAMPLE
77%
KNIGHT
76%
GRIDDLE
73%
GHOST
72%
BRAMBLE
67%
GRINDS
67%
OPEN
65%
PIRATE
61%
BROAD
59%
THIGH
58%
WHELP
58%
ESPOUSE
57%
DAPPLE
38%
DWELT
37%
PRELATE
35%

Score Distribution

Percentile by Number Answered

Percent of People with Each Score

Your Score History

You have not taken this quiz